000 00324 a2200109 4500
001 ART_12706
005 20260410161909.0
008 260409a
245 1 0 _aHuman satisfactions and public policy
100 1 _aLayard, Richard
773 0 _tThe Economic Journal
_g- Vol. 90, NÂș 360 (dic. 1980)
_wREV12512
999 _c26599
_d26599